Cuestión nacional y lucha de clases en Latinoamérica
Estudia la cuestión nacional y su relación con la lucha de clases en América Latina - Enlaza dichos conceptos con el carácter de los movimientos populistas del continente. Ubica el estudia bajo las siguientes hipótesis: La estrategia revolucionaria, No ha habido movimientos de masas más poderosos qu...
Shranjeno v:
| Glavni avtor: | |
|---|---|
| Format: | Texto |
| Izdano: |
San Juan
|
| Teme: | |
| Oznake: |
Označite
Brez oznak, prvi označite!
|
MARC
| LEADER | 00000 a a2200000 04500 | ||
|---|---|---|---|
| 001 | 20599 | ||
| 003 | |||
| 040 | |||
| 090 | |a 086900 | ||
| 100 | |a Rocha Monroy, Ramón | ||
| 245 | |a Cuestión nacional y lucha de clases en Latinoamérica | ||
| 260 | |a San Juan | ||
| 300 | |a 26 p | ||
| 520 | |a Estudia la cuestión nacional y su relación con la lucha de clases en América Latina - Enlaza dichos conceptos con el carácter de los movimientos populistas del continente. Ubica el estudia bajo las siguientes hipótesis: La estrategia revolucionaria, No ha habido movimientos de masas más poderosos que los movimientos Nacional - Revolucionarios insertos en los procesos populistas, En la acumulación de fuerzas para la revolución socialista es preciso dar continuidad al movimiento popular, rescatando para su memoria todas las experiencias fustradas, y La crisis del populismo es orgánica y exige el rescate de sus contenidos nacionales y una aproximación al movimiento popular desligado del populismo | ||
| 650 | |a AMERICA LATINA | ||
| 650 | |a NACION | ||
| 650 | |a NACIONALISMO | ||
| 650 | |a LUCHA DE CLASES | ||
| 650 | |a REVOLUCION | ||
| 650 | |a POPULISMO | ||
| 999 | |c 16323 |d 16323 | ||
